| 000 | 00896nam a2200289 i 4500 | ||
|---|---|---|---|
| 001 | bg | ||
| 245 | 1 | 0 |
_aUporządkowane materiały mezoporowate / _c[Izabela Nowak et al.] ; Polskie Towarzystwo Chemiczne. |
| 260 |
_aWrocław : _bWydaw. Uniwersytetu Wrocławskiego, _c2001. |
||
| 300 |
_a137 s. : _bil. ; _c24 cm. |
||
| 490 | 1 | _aWiadomości Chemiczne : biblioteka | |
| 500 | _aStreszcz. ang. | ||
| 504 | _aBibliogr. przy pracach. | ||
| 650 | 9 |
_aChemia fizyczna _xbadanie |
|
| 650 | 9 |
_aAdsorpcja _xbadanie |
|
| 650 | 9 |
_aKataliza _xbadanie |
|
| 650 | 9 |
_aMateriały mezoporowate _xbadanie |
|
| 700 | 1 | _aNOWAK, Izabela | |
| 710 | 0 | _aPolskie Towarzystwo Chemiczne | |
| 830 | _aWiadomości Chemiczne : biblioteka | ||
| 020 | _a8322921322 | ||
| 040 | _cBPK | ||
| 041 | 0 |
_apl _ben |
|
| 080 | _a544 | ||
| 920 | _a83-229-2132-2 | ||
| 942 | _cKS | ||
| 008 | s pl f |000 0 pol | ||
| 999 |
_c40719 _d40719 |
||
| 856 |
_uhttp://koha.tu.koszalin.pl/cgi-bin/koha/opac-detail.pl?biblionumber=40719 _yKatalog online BPK |
||